Plan estratégico nacional exportador 2003-2013 (PENX) : (Registro nro. 21631)

Detalles MARC
000 -Cabecera
Campo de control interno 00885nam a2200253Ia 4500
005 - Fecha y hora del registro
control field 20260320113300.0
008 - Elementos de Longitud Fija
fixed length control field 260320s9999||||xx |||||||||||||| ||und||
041 ## - Idioma
Codigo Idioma ESP
082 ## - DEWEY y NOTACIÓN INTERNA
Dewey 338.17498
Notación Interna M61
100 ## - AUTOR
Autor denominación
Término de relación
110 ## - AUTOR INSTTITUCIONAL
Autor Institucional Perú. Ministerio de Comercio Exterior y Turismo
245 #0 - TÍTULO DE MATERIAL BIBLIOGRÁFICO
Título Plan estratégico nacional exportador 2003-2013 (PENX) :
Título paralelo plan operativo exportador forestal-maderable
246 ## - TÍTULO TRADUCIDO
Título
Título paralelo
Autor
260 ## - CIUDAD, EDITORIAL, AÑO
Ciudad [Lima] :
Nombre de la Editorial Ministerio de Comercio Exterior y Turismo
Año 2004
300 ## - DESCRIPCIÓN
N° Páginas 74 páginas :
Otros detalles cuadrros, gráficos ;
Dimensiones 30 cm.
Material Adicional
440 ## - MENCIÓN DE SERIE
Título de la Serie
Número de Serie
Volumen de Serie
650 ## - TEMAS
Temas Ciencias Sociales
653 ## - DESCRIPTORES
Lenguajes no controlado Economía; Producción; Exportación - Perú
654 ## - PROGRAMAS
Programa Dpto. de Administración de Negocios
700 ## - OTROS AUTORES
Otros autores
Títulos y otras palabras asociadas con el nombre
856 ## - URL - UBICACIÓN
URI/URL: Enlace exacto del recurso <a href="https://login.ucsp.lookproxy.com/login?url=https://search.ebscohost.com/login.aspx">https://login.ucsp.lookproxy.com/login?url=https://search.ebscohost.com/login.aspx</a>
Nota pública: Versión digital <a href="Véase además: Base de datos EBSCOhost">Véase además: Base de datos EBSCOhost</a>
942 ## - ELEMENTOS DE KOHA
Tipo de documento Libro
Nombre del creador Justo Noguera
Código de catalogador Tania Ramirez
Esquema de clasificación Dewey Decimal Classification
Suppress in OPAC
Existencias
Codigo completo Registro Colección Copia número Disponibilidad Tipo de préstamo Biblioteca Actual Procedencia (Biblioteca) Ubicacón Fecha Ingreso Tipo de Adquisición Observación Date last seen Total checkouts Price effective from Tipo de Item Estado del Material Fuente de Clasificación Damaged status Withdrawn status
338.17498 M61 1085012 Universidad Católica San Pablo 1 Disponible Disponible Víctor Andrés Belaunde Víctor Andrés Belaunde Planta baja cerrada 10/03/2026 Compra Contabilidad 20/03/2026   20/03/2026 Libro Bueno Dewey Decimal Classification